[Event "Canoa op"]
[Site "Canoa"]
[Date "2024.10.11"]
[Round "2"]
[White "Oliveira Filho, Franklin Verissim"]
[Black "Oliveira, Franklin Verissimo"]
[Result "1/2-1/2"]
[WhiteElo "1544"]
[BlackElo "1855"]
[PlyCount "38"]
[EventDate "2024.10.11"]
[EventType "swiss"]
[EventRounds "6"]
[EventCountry "BRA"]
[SourceTitle "CB43_2024"]
[Source "Chessbase"]
[SourceDate "2024.10.23"]
[SourceVersion "1"]
[SourceVersionDate "2024.10.23"]
[SourceQuality "1"]

1. c4 e5 2. g3 Nf6 3. Bg2 c6 4. Nc3 Bb4 5. Nf3 Bxc3 6. bxc3 d6 7. 0-0 0-0 8. Ba3 Qc7 9. Nxe5 dxe5 10. Bxf8 Kxf8 11. d4 Bf5 12. dxe5 Qxe5 13. Qd8+ Qe8 14. Qd6+ Kg8 15. Qd1 Qe5 16. Qd8+ Qe8 17. Qd1 Qe5 18. Qd8+ Qe8 19. Qd1 Qe5 1/2-1/2